Διοικητικό marketing στο λιανικό εμπόριο

Αποθηκεύτηκε σε:
Λεπτομέρειες βιβλιογραφικής εγγραφής
Κύριος συγγραφέας: Κιουλάφας, Kυριάκος K.
Άλλοι συγγραφείς: Κυριαζόπουλος, Παναγιώτης Γ.
Μορφή: Βιβλίο
Γλώσσα:Greek
Δημοσίευση: Αθήνα : Σύγχρονη εκδοτική, 1994
Θέματα:
Ετικέτες: Προσθήκη ετικέτας
Δεν υπάρχουν, Καταχωρήστε ετικέτα πρώτοι!

MARC

LEADER 00000nam a2200000 i 4500
001 1/36644
008 960923s1994 gre d
020 |a 960-7344-29-4 
035 |l 10024525 
040 |a GR-MY-UA  |b gre  |e aacr 
041 0 |a gre 
082 0 |a 658.87 
100 1 |a Κιουλάφας, Kυριάκος K. 
245 1 0 |a Διοικητικό marketing στο λιανικό εμπόριο /  |c Κ.Κ.Κιουλάφας, Π.Γ.Κυριαζόπουλος 
260 |a Αθήνα :   |b Σύγχρονη εκδοτική,   |c 1994 
300 |a 272 σ. 
500 |a Περιλαμβάνει βιβλιογραφία 
650 0 0 |a Marketing. 
700 1 |a Κυριαζόπουλος, Παναγιώτης Γ. 
852 |a INST  |b CHIOS  |e 19960923  |h 658.87 ΚΙΟ  |p 005200011638  |q 005200011638  |t BK  |y 0 
909 |a Χ  |b 045326